| 000 | 01372nam a22002297a 4500 | ||
|---|---|---|---|
| 999 |
_c3487 _d3487 |
||
| 005 | 20240129112016.0 | ||
| 008 | 240129b ||||| |||| 00| 0 eng d | ||
| 020 | _a9781408356852 | ||
| 040 | _cKH8 | ||
| 082 | _a823.92 COL | ||
| 100 |
_aCole, Stephen, _d1971- _eAuthor |
||
| 245 |
_a Adventure Duck vs the armadillo army / _cStephen Cole |
||
| 260 |
_a Orchard Books, _bLondon, _c2019 |
||
| 300 |
_a140 pages : _billustrations ; _c20 cm |
||
| 440 |
_aAdventure Duck vs Power Pug, _vbk. 2 |
||
| 520 | _aThe duck with the supersonic quack is back! Adventure Duck, the world's unlikeliest superhero, has a tasty new mission - saving the world from DEATH BY CHOCOLATE! Ay, caramba! Adventure Duck and his zebra sidekick, Ziggy, have a tasty new mission in Mexico. Their nemesis, Power Pug, has a dastardly new scheme to control the world's chocolate supply. With the help of a llama with projectile spit, Adventure Duck and Ziggy set out to foil the pug's nefarious plans to dig up the rainforest to build an enormous chocolate factory. But Armando the Commando and his army of armadillos stands in their way ... Can the superhero amigos find a chink in the armadillos' armour and save the world from DEATH BY CHOCOLATE? | ||
| 650 | _aChildren's stories | ||
| 650 | _aChocolate | ||
| 650 | _aDucks | ||
| 700 |
_aAleksei Bitskoff _eIllustrator |
||
| 942 |
_2ddc _cFIC |
||